<?xml version="1.0" encoding="UTF-8"?>
<record
    xmlns:xsi="http://www.w3.org/2001/XMLSchema-instance"
    xsi:schemaLocation="http://www.loc.gov/MARC21/slim http://www.loc.gov/standards/marcxml/schema/MARC21slim.xsd"
    xmlns="http://www.loc.gov/MARC21/slim">

  <leader>01217nam a22003377a 4500</leader>
  <datafield tag="082" ind1=" " ind2=" ">
    <subfield code="a">923.1097</subfield>
    <subfield code="b">NIX</subfield>
    <subfield code="c">D</subfield>
  </datafield>
  <datafield tag="100" ind1=" " ind2=" ">
    <subfield code="a">Nixon, Richard</subfield>
  </datafield>
  <datafield tag="245" ind1=" " ind2=" ">
    <subfield code="a">Richard Nixon in the Arena a memoir of victory defeat and renewal/</subfield>
  </datafield>
  <datafield tag="260" ind1=" " ind2=" ">
    <subfield code="a">Lahore:</subfield>
    <subfield code="b">Army Education Press;</subfield>
    <subfield code="c">c1991</subfield>
  </datafield>
  <datafield tag="300" ind1=" " ind2=" ">
    <subfield code="a">450p,</subfield>
    <subfield code="c">16cm</subfield>
  </datafield>
  <datafield tag="526" ind1=" " ind2=" ">
    <subfield code="a">0</subfield>
    <subfield code="b">0</subfield>
    <subfield code="c">0</subfield>
    <subfield code="d">923_109700000000000_NIX</subfield>
  </datafield>
  <datafield tag="526" ind1=" " ind2=" ">
    <subfield code="a">0</subfield>
    <subfield code="b">0</subfield>
    <subfield code="c">0</subfield>
    <subfield code="d">923_109700000000000_NIX</subfield>
  </datafield>
  <datafield tag="526" ind1=" " ind2=" ">
    <subfield code="a">0</subfield>
    <subfield code="b">0</subfield>
    <subfield code="c">0</subfield>
    <subfield code="d">923_109700000000000_NIX</subfield>
  </datafield>
  <datafield tag="526" ind1=" " ind2=" ">
    <subfield code="a">0</subfield>
    <subfield code="b">0</subfield>
    <subfield code="c">0</subfield>
    <subfield code="d">923_109700000000000_NIX</subfield>
  </datafield>
  <datafield tag="526" ind1=" " ind2=" ">
    <subfield code="a">0</subfield>
    <subfield code="b">0</subfield>
    <subfield code="c">0</subfield>
    <subfield code="d">923_109700000000000_NIX</subfield>
  </datafield>
  <datafield tag="526" ind1=" " ind2=" ">
    <subfield code="a">0</subfield>
    <subfield code="b">0</subfield>
    <subfield code="c">0</subfield>
    <subfield code="d">923_109700000000000_NIX</subfield>
  </datafield>
  <datafield tag="526" ind1=" " ind2=" ">
    <subfield code="a">0</subfield>
    <subfield code="b">0</subfield>
    <subfield code="c">0</subfield>
    <subfield code="d">923_109700000000000_NIX</subfield>
  </datafield>
  <datafield tag="526" ind1=" " ind2=" ">
    <subfield code="a">0</subfield>
    <subfield code="b">0</subfield>
    <subfield code="c">0</subfield>
    <subfield code="d">923_109700000000000_NIX</subfield>
  </datafield>
  <datafield tag="526" ind1=" " ind2=" ">
    <subfield code="a">0</subfield>
    <subfield code="b">0</subfield>
    <subfield code="c">0</subfield>
    <subfield code="d">923_109700000000000_NIX</subfield>
  </datafield>
  <datafield tag="526" ind1=" " ind2=" ">
    <subfield code="a">0</subfield>
    <subfield code="b">0</subfield>
    <subfield code="c">0</subfield>
    <subfield code="d">923_109700000000000_NIX</subfield>
  </datafield>
  <datafield tag="526" ind1=" " ind2=" ">
    <subfield code="a">0</subfield>
    <subfield code="b">0</subfield>
    <subfield code="c">0</subfield>
    <subfield code="d">923_109700000000000_NIX</subfield>
  </datafield>
  <datafield tag="526" ind1=" " ind2=" ">
    <subfield code="a">0</subfield>
    <subfield code="b">0</subfield>
    <subfield code="c">0</subfield>
    <subfield code="d">923_109700000000000_NIX</subfield>
  </datafield>
  <datafield tag="526" ind1=" " ind2=" ">
    <subfield code="a">0</subfield>
    <subfield code="b">0</subfield>
    <subfield code="c">0</subfield>
    <subfield code="d">923_109700000000000_NIX</subfield>
  </datafield>
  <datafield tag="526" ind1=" " ind2=" ">
    <subfield code="a">0</subfield>
    <subfield code="b">0</subfield>
    <subfield code="c">0</subfield>
    <subfield code="d">923_109700000000000_NIX</subfield>
  </datafield>
  <datafield tag="526" ind1=" " ind2=" ">
    <subfield code="a">0</subfield>
    <subfield code="b">0</subfield>
    <subfield code="c">0</subfield>
    <subfield code="d">923_109700000000000_NIX</subfield>
  </datafield>
  <datafield tag="526" ind1=" " ind2=" ">
    <subfield code="a">0</subfield>
    <subfield code="b">0</subfield>
    <subfield code="c">0</subfield>
    <subfield code="d">923_109700000000000_NIX</subfield>
  </datafield>
  <datafield tag="526" ind1=" " ind2=" ">
    <subfield code="a">0</subfield>
    <subfield code="b">0</subfield>
    <subfield code="c">0</subfield>
    <subfield code="d">923_109700000000000_NIX</subfield>
  </datafield>
  <datafield tag="526" ind1=" " ind2=" ">
    <subfield code="a">0</subfield>
    <subfield code="b">0</subfield>
    <subfield code="c">0</subfield>
    <subfield code="d">923_109700000000000_NIX</subfield>
  </datafield>
  <datafield tag="650" ind1=" " ind2=" ">
    <subfield code="a">MCE</subfield>
    <subfield code="9">379</subfield>
  </datafield>
  <datafield tag="942" ind1=" " ind2=" ">
    <subfield code="2">ddc</subfield>
    <subfield code="c">BK</subfield>
  </datafield>
  <datafield tag="999" ind1=" " ind2=" ">
    <subfield code="c">549474</subfield>
    <subfield code="d">549474</subfield>
  </datafield>
  <datafield tag="952" ind1=" " ind2=" ">
    <subfield code="0">0</subfield>
    <subfield code="1">0</subfield>
    <subfield code="2">ddc</subfield>
    <subfield code="4">0</subfield>
    <subfield code="7">0</subfield>
    <subfield code="a">MCE</subfield>
    <subfield code="b">MCE</subfield>
    <subfield code="d">2014-09-25</subfield>
    <subfield code="l">0</subfield>
    <subfield code="o">923.1097 NIX</subfield>
    <subfield code="p">MCE-45040</subfield>
    <subfield code="r">2014-09-25</subfield>
    <subfield code="w">2014-09-25</subfield>
    <subfield code="y">BK</subfield>
  </datafield>
  <datafield tag="952" ind1=" " ind2=" ">
    <subfield code="0">0</subfield>
    <subfield code="1">0</subfield>
    <subfield code="2">ddc</subfield>
    <subfield code="4">0</subfield>
    <subfield code="7">0</subfield>
    <subfield code="a">MCE</subfield>
    <subfield code="b">MCE</subfield>
    <subfield code="d">2014-09-25</subfield>
    <subfield code="l">0</subfield>
    <subfield code="o">923.1097 NIX</subfield>
    <subfield code="p">MCE-45030</subfield>
    <subfield code="r">2014-09-25</subfield>
    <subfield code="w">2014-09-25</subfield>
    <subfield code="y">BK</subfield>
  </datafield>
  <datafield tag="952" ind1=" " ind2=" ">
    <subfield code="0">0</subfield>
    <subfield code="1">0</subfield>
    <subfield code="2">ddc</subfield>
    <subfield code="4">0</subfield>
    <subfield code="7">0</subfield>
    <subfield code="a">MCE</subfield>
    <subfield code="b">MCE</subfield>
    <subfield code="d">2014-09-25</subfield>
    <subfield code="l">0</subfield>
    <subfield code="o">923.1097 NIX</subfield>
    <subfield code="p">MCE-45034</subfield>
    <subfield code="r">2014-09-25</subfield>
    <subfield code="w">2014-09-25</subfield>
    <subfield code="y">BK</subfield>
  </datafield>
  <datafield tag="952" ind1=" " ind2=" ">
    <subfield code="0">0</subfield>
    <subfield code="1">0</subfield>
    <subfield code="2">ddc</subfield>
    <subfield code="4">0</subfield>
    <subfield code="7">0</subfield>
    <subfield code="a">MCE</subfield>
    <subfield code="b">MCE</subfield>
    <subfield code="d">2014-09-25</subfield>
    <subfield code="l">0</subfield>
    <subfield code="o">923.1097 NIX</subfield>
    <subfield code="p">MCE-45037</subfield>
    <subfield code="r">2014-09-25</subfield>
    <subfield code="w">2014-09-25</subfield>
    <subfield code="y">BK</subfield>
  </datafield>
  <datafield tag="952" ind1=" " ind2=" ">
    <subfield code="0">0</subfield>
    <subfield code="1">0</subfield>
    <subfield code="2">ddc</subfield>
    <subfield code="4">0</subfield>
    <subfield code="7">0</subfield>
    <subfield code="a">MCE</subfield>
    <subfield code="b">MCE</subfield>
    <subfield code="d">2014-09-25</subfield>
    <subfield code="l">0</subfield>
    <subfield code="o">923.1097 NIX</subfield>
    <subfield code="p">MCE-45028</subfield>
    <subfield code="r">2014-09-25</subfield>
    <subfield code="w">2014-09-25</subfield>
    <subfield code="y">BK</subfield>
  </datafield>
  <datafield tag="952" ind1=" " ind2=" ">
    <subfield code="0">0</subfield>
    <subfield code="1">0</subfield>
    <subfield code="2">ddc</subfield>
    <subfield code="4">0</subfield>
    <subfield code="7">0</subfield>
    <subfield code="a">MCE</subfield>
    <subfield code="b">MCE</subfield>
    <subfield code="d">2014-09-25</subfield>
    <subfield code="l">0</subfield>
    <subfield code="o">923.1097 NIX</subfield>
    <subfield code="p">MCE-45044</subfield>
    <subfield code="r">2014-09-25</subfield>
    <subfield code="w">2014-09-25</subfield>
    <subfield code="y">BK</subfield>
  </datafield>
  <datafield tag="952" ind1=" " ind2=" ">
    <subfield code="0">0</subfield>
    <subfield code="1">0</subfield>
    <subfield code="2">ddc</subfield>
    <subfield code="4">0</subfield>
    <subfield code="7">0</subfield>
    <subfield code="a">MCE</subfield>
    <subfield code="b">MCE</subfield>
    <subfield code="d">2014-09-25</subfield>
    <subfield code="l">0</subfield>
    <subfield code="o">923.1097 NIX</subfield>
    <subfield code="p">MCE-45038</subfield>
    <subfield code="r">2014-09-25</subfield>
    <subfield code="w">2014-09-25</subfield>
    <subfield code="y">BK</subfield>
  </datafield>
  <datafield tag="952" ind1=" " ind2=" ">
    <subfield code="0">0</subfield>
    <subfield code="1">0</subfield>
    <subfield code="2">ddc</subfield>
    <subfield code="4">0</subfield>
    <subfield code="7">0</subfield>
    <subfield code="a">MCE</subfield>
    <subfield code="b">MCE</subfield>
    <subfield code="d">2014-09-25</subfield>
    <subfield code="l">0</subfield>
    <subfield code="o">923.1097 NIX</subfield>
    <subfield code="p">MCE-45033</subfield>
    <subfield code="r">2014-09-25</subfield>
    <subfield code="w">2014-09-25</subfield>
    <subfield code="y">BK</subfield>
  </datafield>
  <datafield tag="952" ind1=" " ind2=" ">
    <subfield code="0">0</subfield>
    <subfield code="1">0</subfield>
    <subfield code="2">ddc</subfield>
    <subfield code="4">0</subfield>
    <subfield code="7">0</subfield>
    <subfield code="a">MCE</subfield>
    <subfield code="b">MCE</subfield>
    <subfield code="d">2014-09-25</subfield>
    <subfield code="l">0</subfield>
    <subfield code="o">923.1097 NIX</subfield>
    <subfield code="p">MCE-45042</subfield>
    <subfield code="r">2014-09-25</subfield>
    <subfield code="w">2014-09-25</subfield>
    <subfield code="y">BK</subfield>
  </datafield>
  <datafield tag="952" ind1=" " ind2=" ">
    <subfield code="0">0</subfield>
    <subfield code="1">0</subfield>
    <subfield code="2">ddc</subfield>
    <subfield code="4">0</subfield>
    <subfield code="7">0</subfield>
    <subfield code="a">MCE</subfield>
    <subfield code="b">MCE</subfield>
    <subfield code="d">2014-09-25</subfield>
    <subfield code="l">0</subfield>
    <subfield code="o">923.1097 NIX</subfield>
    <subfield code="p">MCE-45029</subfield>
    <subfield code="r">2014-09-25</subfield>
    <subfield code="w">2014-09-25</subfield>
    <subfield code="y">BK</subfield>
  </datafield>
  <datafield tag="952" ind1=" " ind2=" ">
    <subfield code="0">0</subfield>
    <subfield code="1">0</subfield>
    <subfield code="2">ddc</subfield>
    <subfield code="4">0</subfield>
    <subfield code="7">0</subfield>
    <subfield code="a">MCE</subfield>
    <subfield code="b">MCE</subfield>
    <subfield code="d">2014-09-25</subfield>
    <subfield code="l">0</subfield>
    <subfield code="o">923.1097 NIX</subfield>
    <subfield code="p">MCE-45035</subfield>
    <subfield code="r">2014-09-25</subfield>
    <subfield code="w">2014-09-25</subfield>
    <subfield code="y">BK</subfield>
  </datafield>
  <datafield tag="952" ind1=" " ind2=" ">
    <subfield code="0">0</subfield>
    <subfield code="1">0</subfield>
    <subfield code="2">ddc</subfield>
    <subfield code="4">0</subfield>
    <subfield code="7">0</subfield>
    <subfield code="a">MCE</subfield>
    <subfield code="b">MCE</subfield>
    <subfield code="d">2014-09-25</subfield>
    <subfield code="l">1</subfield>
    <subfield code="o">923.1097 NIX</subfield>
    <subfield code="p">MCE-45031</subfield>
    <subfield code="r">2019-05-20</subfield>
    <subfield code="s">2019-04-30</subfield>
    <subfield code="w">2014-09-25</subfield>
    <subfield code="y">BK</subfield>
  </datafield>
  <datafield tag="952" ind1=" " ind2=" ">
    <subfield code="0">0</subfield>
    <subfield code="1">0</subfield>
    <subfield code="2">ddc</subfield>
    <subfield code="4">0</subfield>
    <subfield code="7">0</subfield>
    <subfield code="a">MCE</subfield>
    <subfield code="b">MCE</subfield>
    <subfield code="d">2014-09-25</subfield>
    <subfield code="l">0</subfield>
    <subfield code="o">923.1097 NIX</subfield>
    <subfield code="p">MCE-45032</subfield>
    <subfield code="r">2014-09-25</subfield>
    <subfield code="w">2014-09-25</subfield>
    <subfield code="y">BK</subfield>
  </datafield>
  <datafield tag="952" ind1=" " ind2=" ">
    <subfield code="0">0</subfield>
    <subfield code="1">0</subfield>
    <subfield code="2">ddc</subfield>
    <subfield code="4">0</subfield>
    <subfield code="7">0</subfield>
    <subfield code="a">MCE</subfield>
    <subfield code="b">MCE</subfield>
    <subfield code="d">2014-09-25</subfield>
    <subfield code="l">1</subfield>
    <subfield code="o">923.1097 NIX</subfield>
    <subfield code="p">MCE-45027</subfield>
    <subfield code="r">2016-04-28</subfield>
    <subfield code="s">2016-03-22</subfield>
    <subfield code="w">2014-09-25</subfield>
    <subfield code="y">BK</subfield>
  </datafield>
  <datafield tag="952" ind1=" " ind2=" ">
    <subfield code="0">0</subfield>
    <subfield code="1">0</subfield>
    <subfield code="2">ddc</subfield>
    <subfield code="4">0</subfield>
    <subfield code="7">0</subfield>
    <subfield code="a">MCE</subfield>
    <subfield code="b">MCE</subfield>
    <subfield code="d">2014-09-25</subfield>
    <subfield code="l">0</subfield>
    <subfield code="o">923.1097 NIX</subfield>
    <subfield code="p">MCE-45043</subfield>
    <subfield code="r">2014-09-25</subfield>
    <subfield code="w">2014-09-25</subfield>
    <subfield code="y">BK</subfield>
  </datafield>
  <datafield tag="952" ind1=" " ind2=" ">
    <subfield code="0">0</subfield>
    <subfield code="1">0</subfield>
    <subfield code="2">ddc</subfield>
    <subfield code="4">0</subfield>
    <subfield code="7">0</subfield>
    <subfield code="a">MCE</subfield>
    <subfield code="b">MCE</subfield>
    <subfield code="d">2014-09-25</subfield>
    <subfield code="l">1</subfield>
    <subfield code="m">1</subfield>
    <subfield code="o">923.1097 NIX</subfield>
    <subfield code="p">MCE-45025</subfield>
    <subfield code="r">2016-04-25</subfield>
    <subfield code="s">2016-03-10</subfield>
    <subfield code="w">2014-09-25</subfield>
    <subfield code="y">BK</subfield>
  </datafield>
  <datafield tag="952" ind1=" " ind2=" ">
    <subfield code="0">0</subfield>
    <subfield code="1">0</subfield>
    <subfield code="2">ddc</subfield>
    <subfield code="4">0</subfield>
    <subfield code="7">0</subfield>
    <subfield code="a">MCE</subfield>
    <subfield code="b">MCE</subfield>
    <subfield code="d">2014-09-25</subfield>
    <subfield code="l">0</subfield>
    <subfield code="o">923.1097 NIX</subfield>
    <subfield code="p">MCE-45036</subfield>
    <subfield code="r">2014-09-25</subfield>
    <subfield code="w">2014-09-25</subfield>
    <subfield code="y">BK</subfield>
  </datafield>
  <datafield tag="952" ind1=" " ind2=" ">
    <subfield code="0">0</subfield>
    <subfield code="1">0</subfield>
    <subfield code="2">ddc</subfield>
    <subfield code="4">0</subfield>
    <subfield code="7">0</subfield>
    <subfield code="a">MCE</subfield>
    <subfield code="b">MCE</subfield>
    <subfield code="d">2014-09-25</subfield>
    <subfield code="l">0</subfield>
    <subfield code="o">923.1097 NIX</subfield>
    <subfield code="p">MCE-45041</subfield>
    <subfield code="r">2014-09-25</subfield>
    <subfield code="w">2014-09-25</subfield>
    <subfield code="y">BK</subfield>
  </datafield>
</record>
